[Event "DSJ Weihnachtsturnier U16: Steinitz 2020"]
[Site ""]
[Date "2020.12.28"]
[Round "2"]
[White "Werner, Florin"]
[Black "Afonso, Nils"]
[Result "0-1"]
[Termination "normal"]
[Board "3.2"]
[WhiteElo "1533"]
[BlackElo "1960"]
[WhiteTeam "VSG 1880 Offenbach"]
[BlackTeam "SF 59 Kornwestheim"]
[PlyCount "98"]
[WhiteFideId "16250230"]
[BlackFideId "12990582"]
[EventRounds "7"]
[EventType "team-swiss"]
[EventDate "2020.12.28"]

1. e4 {[%emt 0:00:12]} c5 {[%emt 0:00:17]} 2. Nf3 {[%emt 0:00:04]} Nc6 { [%emt
0:00:03]} 3. d4 {[%emt 0:00:04]} cxd4 {[%emt 0:00:05]} 4. Nxd4 {[%emt 0:00:00]}
g6 {[%emt 0:00:02]} 5. Nc3 {[%emt 0:00:02]} Bg7 {[%emt 0:00:02]} 6. Be3 {[%emt
0:00:05]} Nf6 {[%emt 0:00:06]} 7. Bc4 {[%emt 0:00:04]} O-O {[%emt 0:00:04]} 8.
Bb3 {[%emt 0:00:03]} d6 {[%emt 0:00:34]} 9. O-O {[%emt 0:00:08]} Ng4 { [%emt
0:00:05]} 10. Qd3 {[%emt 0:00:21]} Nxe3 {[%emt 0:00:06]} 11. fxe3 { [%emt
0:00:00]} Ne5 {[%emt 0:00:05]} 12. Qd2 {[%emt 0:00:05]} Bd7 {[%emt 0:00:06]}
13. Rae1 {[%emt 0:00:25]} Qa5 {[%emt 0:00:36]} 14. a3 {[%emt 0:00:37]} b5
{[%emt 0:00:17]} 15. Ra1 {[%emt 0:00:12]} Rac8 {[%emt 0:00:04]} 16. h3 { [%emt
0:00:14]} Qb6 {[%emt 0:00:05]} 17. Nf3 {[%emt 0:00:15]} Nxf3+ {[%emt 0:00:12]}
18. Rxf3 {[%emt 0:00:00]} Be6 {[%emt 0:00:22]} 19. Raf1 {[%emt 0:00:11] } Bc4
{[%emt 0:00:19]} 20. Bxc4 {[%emt 0:00:06]} bxc4 {[%emt 0:00:03]} 21. Nd5 {[%emt
0:00:05]} Qb7 {[%emt 0:00:04]} 22. c3 {[%emt 0:00:04]} Rb8 {[%emt 0:00:16]} 23.
Nb4 {[%emt 0:01:32]} Qxe4 {[%emt 0:00:18]} 24. Nd5 {[%emt 0:00:08]} Rb5 {[%emt
0:00:06]} 25. Nb4 {[%emt 0:00:08]} a5 {[%emt 0:00:04]} 26. Nc2 { [%emt
0:00:11]} Rxb2 {[%emt 0:00:03]} 27. R1f2 {[%emt 0:00:09]} Qd3 {[%emt 0:00:58]}
28. Rf4 {[%emt 0:00:11]} Bxc3 {[%emt 0:00:16]} 29. Qe2 {[%emt 0:00:18]} Be5
{[%emt 0:00:12]} 30. R4f3 {[%emt 0:00:06]} Rb1+ {[%emt 0:00:50]} 31. Ne1 {
[%emt 0:00:19]} Qxe2 {[%emt 0:00:15]} 32. Rxe2 {[%emt 0:00:22]} c3 {[%emt
0:00:02]} 33. Kf2 {[%emt 0:00:04]} Rb2 {[%emt 0:00:04]} 34. g4 {[%emt 0:00:21]}
Rc8 {[%emt 0:00:06]} 35. Rc2 {[%emt 0:00:11]} Rxc2+ {[%emt 0:00:11]} 36. Nxc2 {
[%emt 0:00:00]} Rb8 {[%emt 0:00:01]} 37. Ke2 {[%emt 0:00:04]} f6 {[%emt
0:00:18]} 38. e4 {[%emt 0:00:05]} Rb1 {[%emt 0:00:06]} 39. Kd3 {[%emt 0:00:27]}
Rd1+ {[%emt 0:00:15]} 40. Kc4 {[%emt 0:00:04]} Rc1 {[%emt 0:00:16]} 41. Kb3 {
[%emt 0:00:03]} Kf8 {[%emt 0:00:05]} 42. Rd3 {[%emt 0:00:12]} e6 {[%emt
0:00:03]} 43. Nd4 {[%emt 0:00:10]} Kf7 {[%emt 0:00:35]} 44. Nc6 {[%emt
0:00:08]} Rb1+ {[%emt 0:00:05]} 45. Kc2 {[%emt 0:00:11]} Rb2+ {[%emt 0:00:01]}
46. Kc1 { [%emt 0:00:12]} Bf4+ {[%emt 0:00:03]} 47. Kd1 {[%emt 0:00:03]} c2+
{[%emt 0:00:03]} 48. Ke2 {[%emt 0:00:02]} c1=Q+ {[%emt 0:00:02]} 49. Kf3 {[%emt
0:00:00]} Qf1# {[%emt 0:00:03]} 0-1

[Event "DSJ Weihnachtsturnier U16: Steinitz 2020"]
[Site ""]
[Date "2020.12.28"]
[Round "2"]
[White "Kluge, Malte"]
[Black "Bergmann, Lennart"]
[Result "1-0"]
[Termination "normal"]
[Board "3.3"]
[WhiteElo "1652"]
[BlackElo "1505"]
[WhiteTeam "SF 59 Kornwestheim"]
[BlackTeam "VSG 1880 Offenbach"]
[PlyCount "119"]
[WhiteFideId "16243838"]
[BlackFideId "16270657"]
[EventRounds "7"]
[EventType "team-swiss"]
[EventDate "2020.12.28"]

1. d4 {[%emt 0:00:08]} Nf6 {[%emt 0:00:04]} 2. c4 {[%emt 0:00:04]} d6 {[%emt
0:00:03]} 3. Nc3 {[%emt 0:00:12]} Nbd7 {[%emt 0:00:02]} 4. e4 {[%emt 0:00:06]}
e5 {[%emt 0:00:02]} 5. d5 {[%emt 0:01:50]} Nc5 {[%emt 0:00:04]} 6. Bd3 {[%emt
0:00:10]} a5 {[%emt 0:00:03]} 7. Be3 {[%emt 0:00:21]} Be7 {[%emt 0:00:35]} 8.
Bxc5 {[%emt 0:00:03]} dxc5 {[%emt 0:00:03]} 9. Nf3 {[%emt 0:00:07]} Bd6 { [%emt
0:01:04]} 10. O-O {[%emt 0:00:08]} O-O {[%emt 0:00:02]} 11. Nh4 {[%emt
0:00:28]} Nxe4 {[%emt 0:00:56]} 12. Nxe4 {[%emt 0:00:43]} Qxh4 {[%emt 0:00:20]}
13. Re1 {[%emt 0:00:57]} f5 {[%emt 0:00:49]} 14. Nxd6 {[%emt 0:00:28]} cxd6 {
[%emt 0:00:10]} 15. Re3 {[%emt 0:00:52]} Bd7 {[%emt 0:02:21]} 16. Rh3 {[%emt
0:00:12]} Qf6 {[%emt 0:00:25]} 17. Qh5 {[%emt 0:00:26]} h6 {[%emt 0:00:22]} 18.
Re1 {[%emt 0:00:15]} e4 {[%emt 0:00:52]} 19. Be2 {[%emt 0:00:52]} Rae8 { [%emt
0:00:44]} 20. Rg3 {[%emt 0:00:11]} f4 {[%emt 0:00:19]} 21. Rg6 {[%emt 0:00:09]}
Qxb2 {[%emt 0:00:39]} 22. Rxd6 {[%emt 0:00:27]} f3 {[%emt 0:00:21]} 23. Rxd7
{[%emt 0:00:08]} fxe2 {[%emt 0:00:06]} 24. Qxe2 {[%emt 0:00:03]} Qf6 { [%emt
0:00:07]} 25. Rxb7 {[%emt 0:00:10]} Qf5 {[%emt 0:00:11]} 26. d6 {[%emt
0:00:15]} Qe6 {[%emt 0:00:03]} 27. d7 {[%emt 0:00:06]} Rd8 {[%emt 0:00:02]} 28.
Qxe4 {[%emt 0:00:15]} Qf6 {[%emt 0:00:01]} 29. Qe2 {[%emt 0:00:04]} Qc6 { [%emt
0:00:02]} 30. Qe6+ {[%emt 0:00:06]} Qxe6 {[%emt 0:00:03]} 31. Rxe6 { [%emt
0:00:02]} Kh7 {[%emt 0:00:01]} 32. Re5 {[%emt 0:00:08]} Rf7 {[%emt 0:00:02]}
33. Rxc5 {[%emt 0:00:04]} Rfxd7 {[%emt 0:00:02]} 34. Rxd7 {[%emt 0:00:01]} Rxd7
{[%emt 0:00:00]} 35. g3 {[%emt 0:00:01]} Rd4 {[%emt 0:00:06]} 36. Rc8 { [%emt
0:00:05]} a4 {[%emt 0:00:01]} 37. c5 {[%emt 0:00:01]} Rc4 {[%emt 0:00:01] } 38.
c6 {[%emt 0:00:01]} a3 {[%emt 0:00:01]} 39. c7 {[%emt 0:00:02]} Kg6 { [%emt
0:00:01]} 40. Kg2 {[%emt 0:00:03]} Rc2 {[%emt 0:00:01]} 41. Ra8 {[%emt
0:00:05]} Rxc7 {[%emt 0:00:02]} 42. Rxa3 {[%emt 0:00:01]} Rc2 {[%emt 0:00:01]}
43. Ra6+ {[%emt 0:00:04]} Kh7 {[%emt 0:00:01]} 44. a4 {[%emt 0:00:03]} Ra2 {
[%emt 0:00:01]} 45. a5 {[%emt 0:00:01]} Ra4 {[%emt 0:00:01]} 46. Ra7 {[%emt
0:00:08]} Kg6 {[%emt 0:00:02]} 47. a6 {[%emt 0:00:02]} Kf6 {[%emt 0:00:02]} 48.
Ra8 {[%emt 0:00:02]} g6 {[%emt 0:00:02]} 49. a7 {[%emt 0:00:02]} Ke7 {[%emt
0:00:04]} 50. Rh8 {[%emt 0:00:02]} h5 {[%emt 0:00:02]} 51. a8=Q {[%emt
0:00:03]} Rxa8 {[%emt 0:00:03]} 52. Rxa8 {[%emt 0:00:02]} Kf6 {[%emt 0:00:00]}
53. Ra6+ { [%emt 0:00:02]} Kg7 {[%emt 0:00:01]} 54. Kf3 {[%emt 0:00:02]} Kh6
{[%emt 0:00:01]} 55. Kf4 {[%emt 0:00:03]} Kg7 {[%emt 0:00:02]} 56. Kg5 {[%emt
0:00:01]} Kh7 {[%emt 0:00:01]} 57. Rxg6 {[%emt 0:00:02]} Kh8 {[%emt 0:00:03]}
58. Kf6 { [%emt 0:00:05]} Kh7 {[%emt 0:00:00]} 59. Kf7 {[%emt 0:00:03]} Kh8
{[%emt 0:00:02]} 60. Rh6# {[%emt 0:00:01]} 1-0

[Event "DSJ Weihnachtsturnier U16: Steinitz 2020"]
[Site ""]
[Date "2020.12.28"]
[Round "2"]
[White "Dixon Quiroz, Laura Michaela"]
[Black "Afonso, Phil"]
[Result "0-1"]
[Termination "time forfeit"]
[Board "3.4"]
[WhiteElo "1304"]
[BlackElo "1542"]
[WhiteTeam "VSG 1880 Offenbach"]
[BlackTeam "SF 59 Kornwestheim"]
[PlyCount "54"]
[WhiteFideId "16248708"]
[BlackFideId "16207475"]
[EventRounds "7"]
[EventType "team-swiss"]
[EventDate "2020.12.28"]

1. e4 {[%emt 0:00:12]} e5 {[%emt 0:00:03]} 2. Nf3 {[%emt 0:00:05]} Nc6 { [%emt
0:00:01]} 3. Bc4 {[%emt 0:00:09]} Bc5 {[%emt 0:00:02]} 4. c3 {[%emt 0:00:03]}
Nf6 {[%emt 0:00:02]} 5. d4 {[%emt 0:00:02]} exd4 {[%emt 0:00:03]} 6. e5 { [%emt
0:00:03]} d5 {[%emt 0:00:02]} 7. Bb5 {[%emt 0:00:07]} Ne4 {[%emt 0:00:25] } 8.
cxd4 {[%emt 0:00:11]} Bb4+ {[%emt 0:00:14]} 9. Bd2 {[%emt 0:00:17]} Bxd2+
{[%emt 0:00:15]} 10. Nbxd2 {[%emt 0:00:03]} Nxd2 {[%emt 0:00:01]} 11. Qxd2 {
[%emt 0:00:17]} Bd7 {[%emt 0:00:26]} 12. O-O {[%emt 0:00:25]} O-O {[%emt
0:00:14]} 13. Bd3 {[%emt 0:00:23]} Bg4 {[%emt 0:00:12]} 14. Ng5 {[%emt
0:00:38]} h6 {[%emt 0:00:30]} 15. Nh7 {[%emt 0:00:30]} Re8 {[%emt 0:00:05]} 16.
Qf4 { [%emt 0:01:08]} Be6 {[%emt 0:00:51]} 17. Rae1 {[%emt 0:00:32]} Nb4 {[%emt
0:00:42]} 18. Bb1 {[%emt 0:00:37]} Nxa2 {[%emt 0:00:14]} 19. Re3 {[%emt
0:00:42]} Bd7 {[%emt 0:02:20]} 20. Nf6+ {[%emt 0:00:32]} gxf6 {[%emt 0:01:14]}
21. Rg3+ { [%emt 0:00:09]} Kf8 {[%emt 0:00:06]} 22. Qxh6+ {[%emt 0:00:09]} Ke7
{[%emt 0:00:07]} 23. Qxf6+ {[%emt 0:01:16]} Kf8 {[%emt 0:00:04]} 24. Qg7+
{[%emt 0:01:19]} Ke7 {[%emt 0:00:02] KornW1-004 offers a draw} 25. f4 {[%emt
0:00:35]} Rg8 {[%emt 0:00:18]} 26. Qf6+ {[%emt 0:00:05]} Kf8 {[%emt 0:00:08]}
27. Rxg8+ { [%emt 0:00:16]} Kxg8 {[%emt 0:00:03] TimeW} 0-1

[Event "DSJ Weihnachtsturnier U16: Steinitz 2020"]
[Site ""]
[Date "2020.12.28"]
[Round "2"]
[White "Hommel, Niclas"]
[Black "Farokhi, Keyvan"]
[Result "1/2-1/2"]
[Termination "normal"]
[Board "4.1"]
[WhiteElo "2062"]
[BlackElo "2059"]
[WhiteTeam "TSG Oberschöneweide"]
[BlackTeam "SK Doppelbauer Kiel"]
[PlyCount "101"]
[WhiteFideId "12974927"]
[BlackFideId "12998630"]
[EventRounds "7"]
[EventType "team-swiss"]
[EventDate "2020.12.28"]

1. e4 {[%emt 0:00:04]} c6 {[%emt 0:00:05]} 2. Nf3 {[%emt 0:00:06]} d5 {[%emt
0:00:03]} 3. Nc3 {[%emt 0:00:07]} Bg4 {[%emt 0:00:04]} 4. h3 {[%emt 0:00:03]}
Bxf3 {[%emt 0:00:01]} 5. Qxf3 {[%emt 0:00:02]} e6 {[%emt 0:00:02]} 6. d4 {
[%emt 0:00:02]} dxe4 {[%emt 0:00:06]} 7. Qxe4 {[%emt 0:00:07]} Nf6 {[%emt
0:00:04]} 8. Qd3 {[%emt 0:00:34]} Nbd7 {[%emt 0:00:16]} 9. g3 {[%emt 0:00:03]}
Be7 { [%emt 0:00:16]} 10. Bg2 {[%emt 0:00:03]} O-O {[%emt 0:00:03]} 11. O-O
{[%emt 0:00:03]} e5 {[%emt 0:00:18]} 12. dxe5 {[%emt 0:01:21]} Nxe5 {[%emt
0:00:03]} 13. Qxd8 {[%emt 0:00:01]} Raxd8 {[%emt 0:00:02]} 14. Re1 {[%emt
0:00:01]} Ng6 { [%emt 0:00:03]} 15. Be3 {[%emt 0:00:18]} Bb4 {[%emt 0:01:13]}
16. Bxa7 { [%emt 0:01:30]} Rd2 {[%emt 0:00:27]} 17. a3 {[%emt 0:00:33]} Bxc3
{[%emt 0:00:18]} 18. bxc3 {[%emt 0:00:02]} Rxc2 {[%emt 0:00:02]} 19. Bd4 {[%emt
0:00:01]} Ra8 {[%emt 0:01:13]} 20. Rab1 {[%emt 0:00:08]} Rxa3 {[%emt 0:01:12]}
21. Rxb7 { [%emt 0:00:03]} h5 {[%emt 0:00:22]} 22. Bxc6 {[%emt 0:00:44]} h4
{[%emt 0:00:14]} 23. g4 {[%emt 0:00:17]} Nf4 {[%emt 0:00:31]} 24. Rb8+ {[%emt
0:01:27]} Kh7 {[%emt 0:00:03]} 25. Bxf6 {[%emt 0:00:01]} Nxh3+ {[%emt 0:00:15]}
26. Kh2 { [%emt 0:00:43]} Nxf2 {[%emt 0:00:10]} 27. Bd4 {[%emt 0:01:02]} Nd3+
{[%emt 0:00:53]} 28. Kh3 {[%emt 0:00:18]} Nxe1 {[%emt 0:00:06]} 29. Be4+ {[%emt
0:00:07] } Kh6 {[%emt 0:00:03]} 30. Kxh4 {[%emt 0:00:34]} g5+ {[%emt 0:00:23]}
31. Kg3 { [%emt 0:00:02]} Rcxc3+ {[%emt 0:00:01]} 32. Bxc3 {[%emt 0:00:15]}
Rxc3+ { [%emt 0:00:02]} 33. Kf2 {[%emt 0:00:04]} Nd3+ {[%emt 0:00:04]} 34. Kf1
{ [%emt 0:00:10]} Ne5 {[%emt 0:00:20]} 35. Bf5 {[%emt 0:00:04]} Rc4 {[%emt
0:00:05]} 36. Rh8+ {[%emt 0:00:03]} Kg7 {[%emt 0:00:02]} 37. Rh7+ {[%emt
0:00:01]} Kf8 {[%emt 0:00:02]} 38. Rh8+ {[%emt 0:00:01]} Ke7 {[%emt 0:00:02]}
39. Rh5 { [%emt 0:00:01]} Nxg4 {[%emt 0:00:09]} 40. Rxg5 {[%emt 0:00:02]} Ne3+
{[%emt 0:00:25]} 41. Ke2 {[%emt 0:00:01]} Nxf5 {[%emt 0:00:06]} 42. Rxf5 {[%emt
0:00:01] } Ke6 {[%emt 0:00:02]} 43. Rf3 {[%emt 0:00:02]} f5 {[%emt 0:00:02]}
44. Kf2 { [%emt 0:00:01]} Ke5 {[%emt 0:00:02]} 45. Ra3 {[%emt 0:00:02]} f4
{[%emt 0:00:02]} 46. Rb3 {[%emt 0:00:05]} Ke4 {[%emt 0:00:02]} 47. Ra3 {[%emt
0:00:02]} Rc2+ {[%emt 0:00:02]} 48. Kf1 {[%emt 0:00:02]} Kf5 {[%emt 0:00:01]}
49. Rb3 { [%emt 0:00:03]} Kg4 {[%emt 0:00:02]} 50. Ra3 {[%emt 0:00:01]} f3
{[%emt 0:00:02]} 51. Ra8 {[%emt 0:00:01] Kiel2-001 offers a draw} 1/2-1/2

[Event "DSJ Weihnachtsturnier U16: Steinitz 2020"]
[Site ""]
[Date "2020.12.28"]
[Round "2"]
[White "Rempe, Jonas"]
[Black "Nguyen, Phuc Nhat"]
[Result "1-0"]
[Termination "normal"]
[Board "4.2"]
[WhiteElo "1957"]
[BlackElo "1639"]
[WhiteTeam "SK Doppelbauer Kiel"]
[BlackTeam "TSG Oberschöneweide"]
[PlyCount "125"]
[WhiteFideId "16202406"]
[BlackFideId "16253590"]
[EventRounds "7"]
[EventType "team-swiss"]
[EventDate "2020.12.28"]

1. e4 {[%emt 0:00:09]} e5 {[%emt 0:00:07]} 2. Nf3 {[%emt 0:00:01]} Nc6 { [%emt
0:00:27]} 3. Bb5 {[%emt 0:00:02]} a6 {[%emt 0:00:03]} 4. Ba4 {[%emt 0:00:02]}
Nf6 {[%emt 0:00:06]} 5. O-O {[%emt 0:00:02]} b5 {[%emt 0:00:10]} 6. Bb3 { [%emt
0:00:02]} Bc5 {[%emt 0:00:02]} 7. Nxe5 {[%emt 0:00:01]} Nxe5 {[%emt 0:00:05]}
8. d4 {[%emt 0:00:02]} Bxd4 {[%emt 0:00:05]} 9. Qxd4 {[%emt 0:00:02]} d6 {
[%emt 0:00:01]} 10. f4 {[%emt 0:00:02]} Ned7 {[%emt 0:00:12]} 11. c3 {[%emt
0:00:34]} O-O {[%emt 0:00:14]} 12. e5 {[%emt 0:00:46]} Ne8 {[%emt 0:00:33]} 13.
Bc2 {[%emt 0:02:29]} Bb7 {[%emt 0:00:18]} 14. Nd2 {[%emt 0:01:08]} Qe7 { [%emt
0:01:11]} 15. exd6 {[%emt 0:03:11]} Qxd6 {[%emt 0:00:05]} 16. Qxd6 { [%emt
0:00:08]} Nxd6 {[%emt 0:00:00]} 17. Nf3 {[%emt 0:00:01]} f6 {[%emt 0:00:09]}
18. Be3 {[%emt 0:00:10]} Nc4 {[%emt 0:00:03]} 19. Bb3 {[%emt 0:00:14]} Ndb6
{[%emt 0:00:30]} 20. Bxb6 {[%emt 0:00:03]} cxb6 {[%emt 0:00:00]} 21. Bxc4+
{[%emt 0:00:00]} bxc4 {[%emt 0:00:02]} 22. Nd4 {[%emt 0:00:00]} b5 {[%emt
0:00:04]} 23. Rae1 {[%emt 0:00:01]} Rfe8 {[%emt 0:00:02]} 24. Nf5 {[%emt
0:00:11]} Rad8 {[%emt 0:00:42]} 25. Rxe8+ {[%emt 0:00:05]} Rxe8 {[%emt
0:00:07]} 26. Nd6 {[%emt 0:00:00]} Re7 {[%emt 0:00:42]} 27. Rd1 {[%emt
0:00:04]} Be4 {[%emt 0:00:09]} 28. Re1 {[%emt 0:00:04]} f5 {[%emt 0:00:23]} 29.
Nxf5 {[%emt 0:00:01]} Re6 {[%emt 0:00:09]} 30. Nd4 {[%emt 0:00:06]} Re8 {[%emt
0:00:23]} 31. Kf2 { [%emt 0:00:01]} Kf7 {[%emt 0:00:11]} 32. Re3 {[%emt
0:00:01]} Bb1 {[%emt 0:00:29]} 33. Rxe8 {[%emt 0:00:02]} Kxe8 {[%emt 0:00:23]}
34. a3 {[%emt 0:00:00]} Bd3 {[%emt 0:00:02]} 35. Nc6 {[%emt 0:00:03]} Be4
{[%emt 0:00:59]} 36. Nb4 { [%emt 0:00:01]} a5 {[%emt 0:00:05]} 37. Na6 {[%emt
0:00:01]} Ke7 {[%emt 0:00:30]} 38. Nc5 {[%emt 0:00:06]} Bc6 {[%emt 0:00:11]}
39. g3 {[%emt 0:00:06]} h6 { [%emt 0:00:03]} 40. Ke3 {[%emt 0:00:01]} Kd6
{[%emt 0:00:07]} 41. Kd4 {[%emt 0:00:01]} g6 {[%emt 0:00:06]} 42. Ne4+ {[%emt
0:00:01]} Ke6 {[%emt 0:00:04]} 43. Nc5+ {[%emt 0:00:02]} Kd6 {[%emt 0:00:02]}
44. Na6 {[%emt 0:00:04]} Ke6 { [%emt 0:00:08]} 45. Nc5+ {[%emt 0:00:05]} Kf5
{[%emt 0:00:04]} 46. a4 {[%emt 0:00:23]} Kg4 {[%emt 0:00:12]} 47. axb5 {[%emt
0:00:03]} Bxb5 {[%emt 0:00:01]} 48. Nb7 {[%emt 0:00:03]} a4 {[%emt 0:00:04]}
49. Na5 {[%emt 0:00:02]} Kh3 { [%emt 0:00:04]} 50. Nxc4 {[%emt 0:00:01]} Kxh2
{[%emt 0:00:02]} 51. g4 { [%emt 0:00:02]} Kg3 {[%emt 0:00:02]} 52. f5 {[%emt
0:00:02]} gxf5 {[%emt 0:00:03]} 53. gxf5 {[%emt 0:00:01]} h5 {[%emt 0:00:01]}
54. Nd6 {[%emt 0:00:07]} Bd7 {[%emt 0:00:05]} 55. f6 {[%emt 0:00:03]} Be6
{[%emt 0:00:02]} 56. f7 {[%emt 0:00:06]} Bxf7 {[%emt 0:00:01]} 57. Nxf7 {[%emt
0:00:00]} h4 {[%emt 0:00:01]} 58. Ng5 {[%emt 0:00:02]} Kg4 {[%emt 0:00:02]} 59.
Ne4 {[%emt 0:00:01]} Kf3 { [%emt 0:00:05]} 60. c4 {[%emt 0:00:03]} h3 {[%emt
0:00:01]} 61. Ng5+ {[%emt 0:00:01]} Kg4 {[%emt 0:00:02]} 62. Nxh3 {[%emt
0:00:00]} Kxh3 {[%emt 0:00:01]} 63. c5 {[%emt 0:00:00]} 1-0

[Event "DSJ Weihnachtsturnier U16: Steinitz 2020"]
[Site ""]
[Date "2020.12.28"]
[Round "2"]
[White "Nguyen, Tung Phong"]
[Black "Steinbach, Julian"]
[Result "1/2-1/2"]
[Termination "normal"]
[Board "4.3"]
[WhiteElo "1375"]
[BlackElo "1704"]
[WhiteTeam "TSG Oberschöneweide"]
[BlackTeam "SK Doppelbauer Kiel"]
[PlyCount "81"]
[WhiteFideId "16228855"]
[BlackFideId "16247973"]
[EventRounds "7"]
[EventType "team-swiss"]
[EventDate "2020.12.28"]

1. e4 {[%emt 0:00:06]} d6 {[%emt 0:00:01]} 2. d4 {[%emt 0:00:08]} Nf6 {[%emt
0:00:01]} 3. Nc3 {[%emt 0:00:05]} e5 {[%emt 0:00:01]} 4. Nf3 {[%emt 0:00:12]}
exd4 {[%emt 0:00:02]} 5. Nxd4 {[%emt 0:00:02]} Be7 {[%emt 0:00:00]} 6. Bd3 {
[%emt 0:00:14]} O-O {[%emt 0:00:01]} 7. O-O {[%emt 0:00:02]} Nbd7 {[%emt
0:00:06]} 8. Bf4 {[%emt 0:00:10]} a5 {[%emt 0:00:19]} 9. Re1 {[%emt 0:00:10]}
Nc5 { [%emt 0:00:03]} 10. Rc1 {[%emt 0:00:25]} Ne6 {[%emt 0:00:04]} 11. Nxe6 {
[%emt 0:00:31]} Bxe6 {[%emt 0:00:03]} 12. e5 {[%emt 0:00:15]} dxe5 {[%emt
0:00:14]} 13. Bxe5 {[%emt 0:00:03]} Nd5 {[%emt 0:00:02]} 14. Nxd5 {[%emt
0:00:41]} Bxd5 {[%emt 0:00:27]} 15. Re3 {[%emt 0:00:34]} Bf6 {[%emt 0:01:09]}
16. Bxh7+ { [%emt 0:00:26]} Kxh7 {[%emt 0:00:09]} 17. Qh5+ {[%emt 0:00:02]} Kg8
{[%emt 0:00:05]} 18. Rh3 {[%emt 0:00:03]} Bh4 {[%emt 0:00:34]} 19. Rxh4 {[%emt
0:00:05]} f6 {[%emt 0:00:01]} 20. Qh7+ {[%emt 0:00:38]} Kf7 {[%emt 0:00:03]}
21. Qh5+ { [%emt 0:00:04]} Kg8 {[%emt 0:00:04]} 22. Bc3 {[%emt 0:00:24]} Bc6
{[%emt 0:00:22]} 23. Rd1 {[%emt 0:00:26]} Qe8 {[%emt 0:00:04]} 24. Qh7+ {[%emt
0:00:59]} Kf7 {[%emt 0:00:03]} 25. Rg4 {[%emt 0:00:07]} Rg8 {[%emt 0:00:21]}
26. Rg6 { [%emt 0:00:24]} Qe2 {[%emt 0:01:09]} 27. Re1 {[%emt 0:00:30]} Qxe1+
{[%emt 0:00:24]} 28. Bxe1 {[%emt 0:00:08]} Be4 {[%emt 0:00:18]} 29. Rxf6+
{[%emt 0:00:19]} Kxf6 {[%emt 0:00:00]} 30. Qxe4 {[%emt 0:00:01]} Rae8 {[%emt
0:00:21]} 31. Qd4+ {[%emt 0:00:08]} Kf7 {[%emt 0:00:04]} 32. Kf1 {[%emt
0:00:16]} Re6 { [%emt 0:00:19]} 33. Qd7+ {[%emt 0:00:07]} Re7 {[%emt 0:00:02]}
34. Qf5+ { [%emt 0:00:03]} Ke8 {[%emt 0:00:02]} 35. Bxa5 {[%emt 0:00:04]} Rf8
{[%emt 0:00:07]} 36. Qh5+ {[%emt 0:00:07]} Rff7 {[%emt 0:00:08]} 37. Bb4 {[%emt
0:00:09]} Re4 {[%emt 0:00:24]} 38. Qg6 {[%emt 0:00:25]} Rxb4 {[%emt 0:00:09]}
39. Qe6+ { [%emt 0:00:07]} Re7 {[%emt 0:00:11]} 40. Qg6+ {[%emt 0:00:06]} Kd8
{[%emt 0:00:06]} 41. Qd3+ {[%emt 0:00:04] Obersch2-003 offers a draw} 1/2-1/2

[Event "DSJ Weihnachtsturnier U16: Steinitz 2020"]
[Site ""]
[Date "2020.12.28"]
[Round "2"]
[White "Woltmann, Peter"]
[Black "de Veer, Jonathan"]
[Result "1-0"]
[Termination "time forfeit"]
[Board "4.4"]
[WhiteElo "1556"]
[BlackElo "946"]
[WhiteTeam "SK Doppelbauer Kiel"]
[BlackTeam "TSG Oberschöneweide"]
[PlyCount "53"]
[WhiteFideId "16269349"]
[BlackFideId "16237625"]
[EventRounds "7"]
[EventType "team-swiss"]
[EventDate "2020.12.28"]

1. e4 {[%emt 0:00:05]} e5 {[%emt 0:00:02]} 2. Nf3 {[%emt 0:00:08]} Nc6 { [%emt
0:00:05]} 3. d4 {[%emt 0:00:02]} Nf6 {[%emt 0:00:23]} 4. dxe5 {[%emt 0:00:16]}
Nxe4 {[%emt 0:00:12]} 5. Bc4 {[%emt 0:00:05]} Bc5 {[%emt 0:00:21]} 6. Qd5
{[%emt 0:00:07]} Rf8 {[%emt 0:01:26]} 7. Qxe4 {[%emt 0:00:05]} d5 {[%emt
0:00:47]} 8. Bxd5 {[%emt 0:00:18]} Be6 {[%emt 0:00:41]} 9. Bxc6+ {[%emt
0:00:06]} bxc6 {[%emt 0:00:51]} 10. Qxc6+ {[%emt 0:00:04]} Ke7 {[%emt 0:00:21]}
11. Qxc5+ {[%emt 0:00:05]} Ke8 {[%emt 0:00:15]} 12. Qc6+ {[%emt 0:00:04]} Ke7
{[%emt 0:00:04]} 13. Bg5+ {[%emt 0:00:06]} f6 {[%emt 0:00:08]} 14. Be3 {[%emt
0:00:12]} Kf7 {[%emt 0:00:22]} 15. Nd4 {[%emt 0:00:06]} Re8 {[%emt 0:01:21]}
16. O-O { [%emt 0:00:05]} Bd5 {[%emt 0:00:42]} 17. Qc5 {[%emt 0:00:25]} Kg8
{[%emt 0:00:31]} 18. Nc3 {[%emt 0:00:05]} Bf7 {[%emt 0:00:15]} 19. e6 {[%emt
0:00:04]} Bxe6 {[%emt 0:00:16]} 20. Nxe6 {[%emt 0:00:03]} Rxe6 {[%emt 0:00:12]}
21. Rad1 { [%emt 0:00:03]} Qe8 {[%emt 0:01:05]} 22. Qd5 {[%emt 0:00:06]} Rd8
{[%emt 0:00:12]} 23. Qxe6+ {[%emt 0:00:03]} Qxe6 {[%emt 0:00:07]} 24. Rxd8+
{[%emt 0:00:01] } Kf7 {[%emt 0:00:02]} 25. Rfd1 {[%emt 0:00:01]} Kg6 {[%emt
0:00:04]} 26. Ne2 { [%emt 0:00:05]} Kf7 {[%emt 0:00:06]} 27. R1d7+ {[%emt
0:00:09] TimeB} 1-0